000 00568nam a22002057a 4500
999 _c6552
_d6552
003 OSt
005 20200131104701.0
008 200131b ||||| |||| 00| 0 eng d
020 _a0727915533
040 _cDDC
082 _a003GET 2002.
100 _aEdited by Haines,Andrew;Donald,Anna;
_913477
245 _aGetting Research Findings into Practice.
250 _a2nd ed.
260 _aLondon,
_bBMJ Publishing Group.
_c2002.
300 _axi,227p;
_bill;
_c25cm.
504 _aincludes references and index.
650 _aResearch.
_93727
942 _2ddc
_cO_SHELF